[Event "SSKK Bulletinen 40 years"]
[Site "SSKK Bulletinen 40 years"]
[Date "1994.??.??"]
[Round "?"]
[White "Issler, Christian"]
[Black "Joffe, Manne"]
[Result "1/2-1/2"]
[WhiteElo "2515"]
[BlackElo "2660"]
[PlyCount "82"]
[EventDate "1994.??.??"]
[Source "www.chesslib.no"]
[SourceDate "2004.05.04"]

1. Nf3 c5 2. g3 g6 3. Bg2 Bg7 4. O-O Nc6 5. c4 e6 6. Nc3 d5 7. cxd5 exd5 8. d4 cxd4 9. Nb5 Nf6 10. Nbxd4 O-O 11. Nxc6 bxc6 12. Be3 Re8 13. Bd4 Qd6 14. Rc1 a5 15. Re1 Bd7 16. Nd2 a4 17. e4 Qb4 18. Bc3 Qb5 19. exd5 cxd5 20. Rxe8+ Rxe8 21. Nf1 Rc8 22. Ne3 Be6 23. a3 Ne4 24. Bxg7 Rxc1 25. Qxc1 Kxg7 26. Qc2 Qb7 27. h4 h5 28. Bf3 Kh7 29. Kg2 Nf6 30. Qd2 Qb6 31. Qb4 Qc6 32. Qd4 Ne4 33. Bd1 Nc5 34. Bc2 Nb3 35. Bxb3 axb3 36. f3 Qc1 37. Nd1 Qc2+ 38. Nf2 Qe2 39. a4 Bf5 40. Qxd5 Bh3+ 41. Kxh3 Qf1+ 1/2-1/2

[Event "Moscow PCA qual"]
[Site "Moscow"]
[Date "1996.??.??"]
[Round "11"]
[White "Vaganian, Rafael A"]
[Black "Sakaev, Konstantin"]
[Result "1-0"]
[WhiteElo "2615"]
[BlackElo "2560"]
[PlyCount "117"]
[EventDate "1996.??.??"]
[Source "ChessBase"]

1. Nf3 g6 2. g3 Bg7 3. Bg2 e5 4. d3 d5 5. c4 d4 6. O-O Ne7 7. b4 O-O 8. Nbd2 c6 9. Nb3 h6 10. a4 a6 11. Ba3 Re8 12. b5 axb5 13. axb5 cxb5 14. cxb5 Nd5 15. Qc2 Qd7 16. Nc5 Qd8 17. Ne4 f5 18. Nd6 Rxa3 19. Nxe8 Rxa1 20. Rxa1 Qxe8 21. Nxd4 Nb6 22. Nc6 bxc6 23. bxc6 e4 24. Rb1 Nxc6 25. Rxb6 Nd4 26. Qc4+ Be6 27. Qc7 Qa4 28. Bf1 Qa1 29. dxe4 fxe4 30. Rb7 Nxe2+ 31. Kg2 Bh3+ 32. Kxh3 Qxf1+ 33. Kg4 h5+ 34. Kg5 Qc1+ 35. Qxc1 Nxc1 36. Kxg6 Bf8 37. Rb2 Nd3 38. Re2 h4 39. Rxe4 Nxf2 40. Rxh4 Nd3 41. Re4 Nc5 42. Re8 Nb7 43. h4 Nd6 44. Re1 Nf7 45. g4 Nh8+ 46. Kf5 Nf7 47. g5 Bg7 48. Re8+ Bf8 49. Kg6 Nd6 50. Re6 Nf7 51. h5 Nh8+ 52. Kf5 Nf7 53. Rg6+ Kh7 54. Ra6 Kg8 55. Ra8 Nd6+ 56. Kg6 Nf7 57. h6 Ne5+ 58. Kf5 Nf7 59. Kf6 1-0

[Event "Tilburg NED"]
[Site "Tilburg NED"]
[Date "1994.??.??"]
[Round "?"]
[White "Damljanovic, Branko"]
[Black "Gulko, Boris F"]
[Result "1/2-1/2"]
[WhiteElo "2560"]
[BlackElo "2615"]
[PlyCount "20"]
[EventDate "1994.??.??"]
[Source "www.chesslib.no"]
[SourceDate "2004.05.04"]

1. Nf3 c5 2. g3 g6 3. Bg2 Bg7 4. O-O Nc6 5. c3 e5 6. d3 Nge7 7. a3 a5 8. a4 O-O 9. Bh1 d6 10. Na3 h5 1/2-1/2

[Event "Pula"]
[Site "?"]
[Date "1997.??.??"]
[Round "?"]
[White "Lalic, B."]
[Black "Kengis, E."]
[Result "1-0"]
[WhiteElo "2585"]
[BlackElo "2585"]
[PlyCount "71"]
[EventDate "1997.??.??"]
[Source "ChessBase"]
[SourceDate "1997.02.01"]

1. Nf3 b6 2. e4 Bb7 3. Nc3 g6 4. d4 Bg7 5. Bc4 e6 6. O-O Ne7 7. e5 O-O 8. d5 h6 9. a4 Na6 10. dxe6 fxe6 11. Qe2 Nb4 12. Rd1 Qe8 13. Nd4 a6 14. f4 c5 15. Nb3 g5 16. fxg5 Rf5 17. gxh6 Bxe5 18. Bf4 Rxf4 19. Qxe5 Qg6 20. g3 Rxc4 21. Rxd7 Nbc6 22. Qe2 Rxc3 23. bxc3 Bc8 24. Rd6 Qxh6 25. a5 c4 26. Nd4 Nxd4 27. cxd4 Nf5 28. Rd8+ Kf7 29. Qe5 bxa5 30. Rf1 Qg7 31. Rxf5+ exf5 32. Qe8+ Kf6 33. Rd6+ Kg5 34. Qd8+ Kg4 35. Kf2 Qh7 36. Rg6+ 1-0

[Event "Aeroflot Open"]
[Site "Moscow"]
[Date "2004.02.22"]
[Round "6"]
[White "Socko, Bartosz"]
[Black "Smirnov, Pavel"]
[Result "1-0"]
[WhiteElo "2556"]
[BlackElo "2609"]
[PlyCount "81"]
[EventDate "2004.02.17"]
[Source "Roberto Alvarez"]
[SourceDate "2004.03.01"]

1. Nf3 c5 2. g3 Nc6 3. Bg2 g6 4. O-O Bg7 5. d3 d5 6. Nc3 Nf6 7. a3 O-O 8. Rb1 Qd6 9. b4 cxb4 10. axb4 Nxb4 11. Ba3 a5 12. Na2 Qc7 13. Nxb4 axb4 14. Bxb4 Re8 15. c3 e5 16. Qb3 Bd7 17. Ra1 Bc6 18. Ra3 Rxa3 19. Qxa3 Nd7 20. Rb1 d4 21. Nd2 Bxg2 22. Kxg2 Nf6 23. c4 Qc6+ 24. f3 b5 25. Be7 bxc4 26. Bxf6 Bxf6 27. Nxc4 e4 28. fxe4 Bg7 29. Qd6 Qc8 30. Qf4 Qa8 31. Kf2 h5 32. Nd6 Rf8 33. Rb7 Qa2 34. Nc4 Qa1 35. Kg2 Qa2 36. Qf3 Qa6 37. e5 Qe6 38. Rb6 Qe7 39. Qe4 Qc5 40. Rd6 Re8 41. Qxd4 1-0

[Event "BL2-West 0001"]
[Site "Germany"]
[Date "2000.12.10"]
[Round "3.2"]
[White "Glek, Igor V"]
[Black "Landa, Konstantin"]
[Result "1/2-1/2"]
[WhiteElo "2553"]
[BlackElo "2610"]
[PlyCount "43"]
[EventDate "2000.10.15"]
[Source "ChessBase"]
[SourceDate "2001.07.03"]

1. e4 c5 2. Nf3 e6 3. d3 Nc6 4. g3 g6 5. Bg2 Bg7 6. O-O Nge7 7. c3 O-O 8. d4 cxd4 9. cxd4 d5 10. e5 f6 11. Re1 Nf5 12. Nc3 Bd7 13. g4 Nfe7 14. exf6 Rxf6 15. Bg5 Rf7 16. Be3 Qf8 17. Ng5 Rf6 18. Nh3 Nc8 19. f4 Nd6 20. b3 Rc8 21. Qd2 h5 22. Nf2 1/2-1/2

[Event "Pedro Zabala (6eme memorial)"]
[Site "?"]
[Date "2004.10.12"]
[Round "5"]
[White "Cifuentes Parada Roberto"]
[Black "Bauer Christian"]
[Result "1/2-1/2"]
[WhiteElo "2540"]
[BlackElo "2622"]
[PlyCount "96"]
[EventDate "2004.??.??"]
[Source "www.chesslib.no"]
[SourceDate "2004.05.04"]

1. Nf3 b6 2. g3 Bb7 3. Bg2 f5 4. O-O Nf6 5. d4 g6 6. c4 Bg7 7. Nc3 O-O 8. b3 Na6 9. Bb2 e6 10. e3 Qe7 11. Qe2 c5 12. Rfd1 Nc7 13. Rd2 Rad8 14. Rad1 d6 15. Ne1 Bxg2 16. Nxg2 e5 17. dxc5 bxc5 18. f3 Rd7 19. Ba3 Rb8 20. Ne1 e4 21. fxe4 fxe4 22. Ng2 g5 23. Ne1 Qe6 24. Nc2 a5 25. Na4 Rbd8 26. Bb2 Ng4 27. Bxg7 Kxg7 28. Ne1 Ne5 29. Qg2 Rf8 30. Nb6 Rdf7 31. Rxd6 Qf5 32. Nc2 Qf2+ 33. Qxf2 Rxf2 34. Nd7 Nxd7 35. Rxd7+ R8f7 36. Rxf7+ Rxf7 37. Rd6 Rf6 38. Rd7+ Rf7 39. Rxf7+ Kxf7 40. h3 Ke6 41. Na3 Na6 42. Nb5 Nb4 43. Nc3 Ke5 44. Kf2 h5 45. Ke2 Nd3 46. Na4 Nc1+ 47. Kd2 Nd3 48. Ke2 Nc1+ 1/2-1/2

[Event "Elista ol (Men)"]
[Site "Elista"]
[Date "1998.10.12"]
[Round "13"]
[White "Nijboer, Friso"]
[Black "Sakaev, Konstantin"]
[Result "1/2-1/2"]
[WhiteElo "2525"]
[BlackElo "2635"]
[PlyCount "50"]
[EventDate "1998.09.29"]
[Source "ChessBase"]
[SourceDate "1998.11.06"]

1. e4 c5 2. Nf3 e6 3. d3 Nc6 4. g3 g6 5. Bg2 Bg7 6. O-O Nge7 7. c3 O-O 8. Be3 b6 9. d4 cxd4 10. Nxd4 Bb7 11. Nxc6 Bxc6 12. Qd6 Qe8 13. Nd2 f5 14. f3 Nc8 15. Qd3 d5 16. exd5 Bxd5 17. f4 Bxg2 18. Kxg2 Qc6+ 19. Kg1 Nd6 20. Rad1 Rad8 21. Nf3 Qc4 22. Bd4 Bxd4+ 23. Qxd4 Qxa2 24. Ra1 Qxb2 25. Rxa7 Nf7 1/2-1/2

[Event "TCh-RUS, Tomsk RUS"]
[Site "?"]
[Date "2001.??.??"]
[Round "2"]
[White "Kotsur, P."]
[Black "Dolmatov, S."]
[Result "1/2-1/2"]
[WhiteElo "2575"]
[BlackElo "2585"]
[PlyCount "43"]
[EventDate "2001.??.??"]
[Source "www.chesslib.no"]
[SourceDate "2004.05.04"]

1. Nf3 e6 2. g3 f5 3. Bg2 Nf6 4. O-O d5 5. c4 Bd6 6. Nc3 O-O 7. d3 dxc4 8. dxc4 Nc6 9. e4 e5 10. exf5 Bxf5 11. Be3 Kh8 12. h3 Qe7 13. Nd5 Nxd5 14. cxd5 Nb8 15. Re1 Nd7 16. Nh4 Qf7 17. Rc1 h6 18. Nxf5 Qxf5 19. Rc4 a5 20. Qc1 Nf6 21. Rh4 Kg8 22. Qc4 1/2-1/2

[Event "Memorial Day op"]
[Site "?"]
[Date "1994.??.??"]
[Round "?"]
[White "Akopian Artak"]
[Black "Browne Walter S"]
[Result "1/2-1/2"]
[WhiteElo "2605"]
[BlackElo "2550"]
[PlyCount "42"]
[EventDate "1994.??.??"]
[Source "www.chesslib.no"]
[SourceDate "2004.05.04"]

1. Nf3 c5 2. e4 d6 3. g3 Nf6 4. d3 g6 5. Bg2 Bg7 6. O-O Nc6 7. Nbd2 O-O 8. a4 Rb8 9. Nc4 e5 10. c3 h6 11. Re1 Be6 12. Nfd2 d5 13. exd5 Nxd5 14. a5 Qc7 15. Qa4 b6 16. axb6 axb6 17. Qb5 Rfd8 18. Nf1 Bd7 19. Qb3 Be6 20. Qb5 Bd7 21. Qb3 Be6 1/2-1/2

[Event "XXIV Open"]
[Site "Cappelle La Grande FRA"]
[Date "2008.02.23"]
[Round "9"]
[White "Miroshnichenko, E."]
[Black "Edouard, R."]
[Result "1-0"]
[WhiteElo "2647"]
[BlackElo "2507"]
[PlyCount "131"]
[EventDate "2008.02.16"]
[Source "www.chesslib.no"]
[SourceDate "2004.05.04"]

1. Nf3 c5 2. g3 Nc6 3. Bg2 g6 4. O-O Bg7 5. c3 e5 6. d3 Nge7 7. a3 O-O 8. b4 cxb4 9. axb4 b5 10. Na3 Rb8 11. e4 a5 12. bxa5 Qxa5 13. Bd2 Qd8 14. Qb3 d5 15. Rfb1 dxe4 16. dxe4 Bg4 17. Be1 Qd3 18. Nd2 b4 19. cxb4 Nxb4 20. Bf1 Qd8 21. Nb5 Nbc6 22. Nf3 Nc8 23. h3 Bxf3 24. Qxf3 Nd6 25. Rd1 Rxb5 26. Bxb5 Nd4 27. Rxd4 exd4 28. Bc6 Qc7 29. Bd5 Nb5 30. Rb1 Qd7 31. Kg2 Nc3 32. Rb7 Qe8 33. Bd2 Kh8 34. Bf4 f5 35. e5 g5 36. e6 Qg6 37. e7 Re8 38. Bd2 g4 39. hxg4 fxg4 40. Qf7 Nxd5 41. Qxd5 Bf6 42. Bb4 Kg7 43. Rb6 h5 44. Bc5 Qg5 45. Qc6 Rxe7 46. Bxe7 Bxe7 47. Rb5 Qg6 48. Qd5 h4 49. Qxd4+ Bf6 50. Rb7+ Kh6 51. Qf4+ Qg5 52. Qe4 Qg6 53. Qc6 h3+ 54. Kh2 Qf5 55. Rb2 Kg6 56. f3 Qe5 57. Rf2 Qe3 58. Qc2+ Kg7 59. Qe2 Qxe2 60. Rxe2 gxf3 61. Rf2 Kg6 62. Rxf3 Kg5 63. Kxh3 Bb2 64. Rb3 Ba1 65. Rb5+ Kf6 66. Kg4 1-0

[Event "18th North Sea Cup"]
[Site "Esbjerg"]
[Date "2003.06.05"]
[Round "2"]
[White "Koneru, Humpy"]
[Black "Sasikiran, Krishnan"]
[Result "0-1"]
[WhiteElo "2496"]
[BlackElo "2658"]
[PlyCount "88"]
[EventDate "2003.06.04"]
[Source "Roberto Alvarez"]
[SourceDate "2003.07.14"]

1. Nf3 c5 2. g3 Nc6 3. d4 cxd4 4. Nxd4 g6 5. Bg2 Bg7 6. Nb3 h5 7. h3 d6 8. Nc3 Be6 9. Nd5 Rc8 10. c3 Nf6 11. e4 Qd7 12. Be3 O-O 13. Qe2 Rfe8 14. f4 b6 15. Rd1 Nd8 16. Nd4 Bxd5 17. exd5 e5 18. dxe6 Nxe6 19. O-O Nxd4 20. Rxd4 Qe6 21. Rd3 Qxa2 22. f5 gxf5 23. Rxf5 Rc5 24. Rxc5 dxc5 25. Bc6 Re6 26. Rd8+ Bf8 27. Bf3 Qb1+ 28. Kg2 Qg6 29. Kh2 Kg7 30. Qf2 Ne4 31. Bxe4 Rxe4 32. Rd5 Be7 33. Bf4 Qe6 34. Rd2 c4 35. Qf3 Kg6 36. Bb8 Re3 37. Qg2 Bc5 38. Bf4 Re1 39. Qf3 a5 40. Kg2 a4 41. Qa8 f5 42. g4 fxg4 43. Kg3 Re3+ 44. Kh2 Re2+ 0-1

[Event "Israel"]
[Site "?"]
[Date "1995.??.??"]
[Round "?"]
[White "Oratovski, M."]
[Black "Yudasin, L."]
[Result "0-1"]
[WhiteElo "2535"]
[BlackElo "2615"]
[PlyCount "66"]
[EventDate "1995.??.??"]
[Source "ChessBase"]
[SourceDate "1995.02.01"]

1. e4 e6 2. d3 c5 3. g3 Nc6 4. Bg2 g6 5. Nf3 Bg7 6. O-O Nge7 7. Re1 O-O 8. e5 d6 9. exd6 Qxd6 10. Nbd2 b6 11. Nc4 Qd8 12. a4 Bb7 13. c3 Nd5 14. Ng5 Rb8 15. Ne4 Ba8 16. a5 Nce7 17. axb6 axb6 18. Qb3 h6 19. Ned6 b5 20. Nxb5 Bc6 21. Nca3 Qa5 22. Bf4 Nxf4 23. Bxc6 Nxd3 24. Rxe6 c4 25. Qxc4 Nxc6 26. Rxc6 Ne5 27. Qc5 Rxb5 28. Qxb5 Qxb5 29. Nxb5 Nxc6 30. Ra6 Ne5 31. b3 Rd8 32. Ra2 Rd5 33. c4 Rd3 0-1

[Event "NED Ch"]
[Site "NED"]
[Date "1993.??.??"]
[Round "?"]
[White "Piket, Jeroen"]
[Black "Van der Wiel, John T H"]
[Result "1/2-1/2"]
[WhiteElo "2590"]
[BlackElo "2555"]
[PlyCount "32"]
[EventDate "1993.06.??"]
[Source "www.chesslib.no"]
[SourceDate "2004.05.04"]

1. Nf3 c5 2. g3 Nc6 3. Bg2 g6 4. O-O Bg7 5. d3 d6 6. c3 Nf6 7. e4 O-O 8. Nbd2 b6 9. Re1 Bb7 10. a4 e6 11. Nf1 Qc7 12. Bd2 c4 13. dxc4 Na5 14. Nd4 a6 15. Bg5 Nxc4 16. b3 Na5 1/2-1/2

[Event "Nesis Rapid Cup"]
[Site "Kirishi RUS"]
[Date "2007.05.21"]
[Round "1"]
[White "Novik, M."]
[Black "Alekseev, Evgeny"]
[Result "1-0"]
[WhiteElo "2466"]
[BlackElo "2679"]
[PlyCount "117"]
[EventDate "2007.05.21"]
[Source "www.chesslib.no"]
[SourceDate "2004.05.04"]

1. Nf3 c5 2. g3 Nc6 3. Bg2 g6 4. c4 Bg7 5. O-O e6 6. e3 Nge7 7. d4 cxd4 8. Nxd4 d5 9. cxd5 exd5 10. Nxc6 bxc6 11. Nc3 O-O 12. Bd2 Be6 13. Rc1 Qd7 14. Na4 Rfe8 15. Bc3 Bxc3 16. Rxc3 Bh3 17. Nc5 Qc8 18. Qa4 Bxg2 19. Kxg2 Qb8 20. b3 a5 21. Qd4 Nf5 22. Qf6 Qc7 23. Rfc1 Rac8 24. Nd3 Re6 25. Qg5 Qd6 26. Qf4 Qd8 27. Nc5 Re7 28. Rd3 Nd6 29. h4 h5 30. Qf6 Ne8 31. Qf3 Kg7 32. Rdc3 Nf6 33. Nd3 Qb6 34. Nf4 Rcc7 35. Qd1 Ne4 36. R3c2 Red7 37. Qd4+ Qxd4 38. exd4 Rd6 39. f3 Nf6 40. Rc5 a4 41. b4 Re7 42. Kf2 Rb7 43. a3 Rb6 44. Ra5 Rd7 45. Rxa4 Ne8 46. Nd3 Nd6 47. Ne5 Rc7 48. Ra8 Nb5 49. a4 Nxd4 50. b5 f6 51. Nd3 Re7 52. Nf4 Rd7 53. Rd1 Nf5 54. Ne6+ Kh6 55. Nc5 Re7 56. Ra6 Rb8 57. Rxc6 Rbe8 58. Rd2 Re3 59. b6 1-0

[Event "Open"]
[Site "?"]
[Date "2001.04.12"]
[Round "6"]
[White "Eingorn Vereslav S"]
[Black "Dgebuadze Alexandre"]
[Result "1-0"]
[WhiteElo "2589"]
[BlackElo "2555"]
[PlyCount "107"]
[EventDate "2001.??.??"]
[Source "www.chesslib.no"]
[SourceDate "2004.05.04"]

1. Nf3 b6 2. c4 Bb7 3. Nc3 e6 4. a3 c5 5. e3 Nf6 6. d4 a6 7. d5 exd5 8. cxd5 g6 9. e4 d6 10. Bd3 Bg7 11. O-O O-O 12. a4 Nbd7 13. Bf4 Qc7 14. Nd2 Nh5 15. Be3 Rae8 16. Re1 Be5 17. Nc4 Bf4 18. Bxf4 Nxf4 19. Bf1 g5 20. g3 Ng6 21. Bh3 Nde5 22. Nxe5 Rxe5 23. Bf5 Rfe8 24. Qg4 Bc8 25. Re2 f6 26. Bxc8 Qxc8 27. h3 Kg7 28. Rf1 Qxg4 29. hxg4 Rh8 30. Nd1 h5 31. gxh5 g4 32. Ne3 Rexh5 33. Nxg4 Rg5 34. f3 Rxg4 35. fxg4 Ne5 36. Rf4 Rb8 37. Ref2 Nd3 38. g5 fxg5 39. Rf7+ Kg6 40. R2f6+ Kh5 41. Rxd6 b5 42. axb5 Rxb5 43. Rxa6 Rxb2 44. Ra3 c4 45. Rf3 Re2 46. Rfxd3 cxd3 47. Rxd3 Rxe4 48. d6 Re8 49. d7 Rd8 50. Kg2 Kg6 51. Kf3 Kh5 52. Ke4 Kg4 53. Ke5 Kh3 54. Kf6 1-0